Matemática 8 egb /

Guardado en:
Autor Principal: Kaczor, Pablo J.
Otros Autores: Piñeiro, Gustavo E., Serrano, Gisela B.
Formato: Libro
Publicado: Buenos Aires : Santillana, 2000
Series:Serie Claves
Materias:
Etiquetas: Agregar Etiqueta
Sin Etiquetas, Sea el primero en etiquetar este registro!
LEADER 00940nam a22002295a 4500
001 CEM.cems017770
005 20120319111220.0
008 130507s2000##################000#0#####d
003 CEMS
020 |a 9504608930 
082 0 4 |a 510 
100 1 |a Kaczor, Pablo J. 
245 1 0 |a Matemática 8 egb /  |c Pablo J. Kaczor, Gustavo E. Piñeiro y Gisela B. Serrano 
260 |a Buenos Aires :  |b Santillana,  |c 2000 
300 |a 320 p. 
490 0 |a Serie Claves 
505 0 |a Fracciones y decimales -- Números enteros -- Rectas, planos y ángulos -- Números racionales -- Potencias y raíces -- Construcciones geométricas -- Representaciones gráficas -- Proporcionalidad, semejanza -- Probabilidad y estadística -- Cuerpos y figuras planas -- Volúmenes 
653 |a Matemática 
653 |a Matemática-egb 
700 1 |a Piñeiro, Gustavo E. 
700 1 |a Serrano, Gisela B. 
859 |a CEMS  |b BIB. CEMS - Agricultura  |h 510  |i K113-1  |p A1516.12  |t Ej.1  |v 8  |3 8